000 00729nam a2200253Ia 4500
003 OSt
005 20221006151231.0
006 a|||||r|||| 00| 0
007 ta
008 221006b |||||||| |||| 00| 0 jpn d
024 _a21,386
037 _bGift, Japan Foundation
_cTextual
040 _aEASL
_cEASL
_bjpn
041 _2jpn
_ajpn
082 _aY:1v42.N98, N8
100 _aHAMAGUCHI Eshun Ed.
_9642767
245 0 _aSekai no naka no Nihon gata shisutemu
260 _aKyoto
_bKokusai Nihon Bunka Kenkyu Senta Japan
_c1998
300 _a396p.
_ccm.
490 _v JL
650 _aJL
942 _hY:1v42.N98, N8
_cTEXL
_2CC
999 _c1089472
_d1089472